Loading...
| Current Events | 2 | 10.00 | 100% | 0% | 0% |
| Fine Arts - Auditory | 5 | 8.00 | 80% | 0% | 0% |
| Fine Arts - Other | 6 | 18.33 | 100% | 67% | 17% |
| Fine Arts - Visual | 4 | 12.50 | 100% | 25% | 0% |
| Geography | 6 | 18.33 | 83% | 50% | 50% |
| History - American | 4 | 17.50 | 100% | 50% | 25% |
| History - Ancient/Other | 5 | 14.00 | 100% | 40% | 0% |
| History - European | 3 | 16.67 | 100% | 67% | 0% |
| History - World | 4 | 15.00 | 100% | 50% | 0% |
| Literature - American | 3 | 10.00 | 100% | 0% | 0% |
| Literature - British | 5 | 8.00 | 60% | 20% | 0% |
| Literature - European | 3 | 10.00 | 100% | 0% | 0% |
| Literature - World | 3 | 6.67 | 67% | 0% | 0% |
| Mythology | 3 | 16.67 | 100% | 67% | 0% |
| Other Academic | 1 | 30.00 | 100% | 100% | 100% |
| Philosophy | 3 | 10.00 | 67% | 33% | 0% |
| Religion | 7 | 10.00 | 71% | 29% | 0% |
| Science - Biology | 4 | 12.50 | 75% | 50% | 0% |
| Science - Chemistry | 3 | 10.00 | 100% | 0% | 0% |
| Science - Other | 7 | 12.86 | 100% | 29% | 0% |
| Science - Physics | 2 | 15.00 | 100% | 50% | 0% |
| Social Science | 6 | 13.33 | 100% | 17% | 17% |